STUDY GUIDE AND STUDENT SOLUTIONS MANUAL:PHYSICS FOR SCIENTISTS AND ENGINEERS (Record no. 189197)
[ view plain ]
| 000 -LEADER | |
|---|---|
| fixed length control field | 00291nam a2200097Ia 4500 |
| 050 ## - LIBRARY OF CONGRESS CALL NUMBER | |
| Classification number | QC21.2.B73 2000 |
| 100 ## - MAIN ENTRY--PERSONAL NAME | |
| Personal name | DOUGLAS C. GIANCOLI |
| 245 #0 - TITLE STATEMENT | |
| Title | STUDY GUIDE AND STUDENT SOLUTIONS MANUAL:PHYSICS FOR SCIENTISTS AND ENGINEERS |
| 942 ## - ADDED ENTRY ELEMENTS (KOHA) | |
| Koha item type | Long Loan Book |
| Withdrawn status | Lost status | Source of classification or shelving scheme | Damaged status | Not for loan | Collection | Home library | Current library | Date acquired | Inventory number | Total checkouts | Full call number | Barcode | Date last seen | Copy number | Price effective from | Koha item type |
|---|---|---|---|---|---|---|---|---|---|---|---|---|---|---|---|---|
| Library of Congress Classification | Science & Technology | Kisii University Library | Kisii University Library | 09/15/2023 | 66899 | QC 21.2 .B73 2000 | 013774 | 09/15/2023 | C.2 | 09/15/2023 | Long Loan Book | |||||
| Library of Congress Classification | Science & Technology | Kisii University Library | Kisii University Library | 09/15/2023 | 91751 | QC 21.2 .B73 2000 | 013579 | 09/15/2023 | 3 | 09/15/2023 | Long Loan Book |